<?xml version="1.0" encoding="UTF-8"?>
<collection xmlns:xsi="http://www.w3.org/2001/XMLSchema-instance" xsi:schemaLocation="http://www.loc.gov/MARC21/slim http://www.loc.gov/standards/marcxml/schema/MARC21slim.xsd" xmlns="http://www.loc.gov/MARC21/slim">
 <record>
  <leader>00000nam a22000004a 4500</leader>
  <controlfield tag="001">UP-8027390931311286819</controlfield>
  <controlfield tag="003">Buklod</controlfield>
  <controlfield tag="005">20241202082736.0</controlfield>
  <controlfield tag="006">m    |o  d |      </controlfield>
  <controlfield tag="007">ta</controlfield>
  <controlfield tag="008">241011s2021    xxu     r    |||| u|eng d</controlfield>
  <datafield tag="020" ind1=" " ind2=" ">
   <subfield code="a">9783030769154</subfield>
  </datafield>
  <datafield tag="040" ind1="0" ind2=" ">
   <subfield code="a">DSTC</subfield>
   <subfield code="e">rda</subfield>
  </datafield>
  <datafield tag="041" ind1="0" ind2=" ">
   <subfield code="a">eng</subfield>
  </datafield>
  <datafield tag="090" ind1="0" ind2="0">
   <subfield code="a">HA 29</subfield>
   <subfield code="b">B47 2021</subfield>
  </datafield>
  <datafield tag="100" ind1="0" ind2=" ">
   <subfield code="a">Berkachy, Redina</subfield>
   <subfield code="e">Author</subfield>
  </datafield>
  <datafield tag="110" ind1="0" ind2=" ">
   <subfield code="a">Springer</subfield>
  </datafield>
  <datafield tag="245" ind1="0" ind2="0">
   <subfield code="a">Signed Distance Measure in Fuzzy Statistical Analysis</subfield>
   <subfield code="b">Theoretical, Empirical and Programming Advances</subfield>
   <subfield code="c">Redina Berkachy.</subfield>
  </datafield>
  <datafield tag="250" ind1=" " ind2=" ">
   <subfield code="a">first edition.</subfield>
  </datafield>
  <datafield tag="264" ind1=" " ind2="0">
   <subfield code="c">Springer International Publishing, [S.l.], 2021</subfield>
  </datafield>
  <datafield tag="300" ind1=" " ind2=" ">
   <subfield code="a">xix, 346 pages</subfield>
   <subfield code="b">illustrations</subfield>
   <subfield code="c">24 cm</subfield>
  </datafield>
  <datafield tag="490" ind1="0" ind2=" ">
   <subfield code="a">Fuzzy Management Methods</subfield>
  </datafield>
  <datafield tag="500" ind1=" " ind2=" ">
   <subfield code="a">includes bibliographic reference</subfield>
  </datafield>
  <datafield tag="505" ind1="0" ind2="0">
   <subfield code="a">1. Introduction. - Part I Theoretical Part. - 2. Fundamental Concepts on Fuzzy Sets. - 3. Fuzzy Rule-Based Systems. - 4. Distances Between Fuzzy Sets. - 5. Fuzzy Random Variables and Fuzzy Distributions. - 6. Fuzzy Statistical Inference. - Conclusion Part I. - Part II Applications. - 7. Evaluation of Linguistic Questionnaire. - 8. Fuzzy Analysis of Variance. - Part III An R Package for Fuzzy Statistical Analysis: A DetailedDescription. - 9. FuzzySTs: Fuzzy Statistical Tools: A Detailed Description. - Conclusion</subfield>
  </datafield>
  <datafield tag="520" ind1="0" ind2=" ">
   <subfield code="a">The main focus of this book is on presenting advances in fuzzy statistics, and on proposing a methodology for testing hypotheses in the fuzzy environment based on the estimation of fuzzy confidence intervals, a context in which not only the data but also the hypotheses are considered to be fuzzy.</subfield>
  </datafield>
  <datafield tag="650" ind1="0" ind2="0">
   <subfield code="a">Applied Statistics</subfield>
   <subfield code="a">Fuzzy-Logic</subfield>
   <subfield code="a">Operations Research/Decision Theory</subfield>
   <subfield code="a">Probability and Statistics in Computer Science</subfield>
   <subfield code="a">Statistical Theory and Methods</subfield>
   <subfield code="a">Statistics and Computing/Statistics Programs</subfield>
   <subfield code="a">Statistical Analysis.</subfield>
  </datafield>
  <datafield tag="905" ind1=" " ind2=" ">
   <subfield code="a">FO</subfield>
  </datafield>
  <datafield tag="852" ind1="0" ind2=" ">
   <subfield code="a">UPD</subfield>
   <subfield code="b">DSTC</subfield>
   <subfield code="h">HA 29</subfield>
   <subfield code="i">B47 2021</subfield>
  </datafield>
  <datafield tag="942" ind1=" " ind2=" ">
   <subfield code="a">Book</subfield>
  </datafield>
 </record>
</collection>
